[Event "Michigan Senior U1600"]
[Site "Warren, MI"]
[Date "2002.06.09"]
[Round "3.1"]
[White "Kilburn, Gregory"]
[Black "Hazzard, Bill"]
[Result "0-1"]
[WhiteElo "1176"]
[BlackElo "1511"]
[PlyCount "118"]
[EventDate "2002.06.08"]

1. d4 d5 2. Nf3 Nf6 3. c4 e6 4. e3 c6 5. Nc3 Bd6 6. Bd3 Nbd7 7. O-O e5 8. dxe5
Bxe5 9. Nxe5 Nxe5 10. Be2 O-O 11. cxd5 cxd5 12. Bf3 Be6 13. g3 Nxf3+ 14. Qxf3
Rc8 15. Qh1 Qa5 16. Ne2 Rfd8 17. Nd4 Bh3 18. Rd1 Qc5 19. f3 Re8 20. Kf2 Nd7 21.
Bd2 Ne5 22. Bc3 Qc4 23. g4 Bxg4 24. fxg4 Nxg4+ 25. Kf3 Re4 26. Re1 Rce8 27. Qg1
Ne5+ 28. Kf2 Ng4+ 29. Kf3 Qa6 30. Kg2 Nxe3+ 31. Kh1 Qg6 32. Qxg6 hxg6 33. Re2
f5 34. Rg1 Kh7 35. Nf3 Kh6 36. Rxe3 Rxe3 37. Bd2 f4 38. Bxe3 fxe3 39. Rd1 e2
40. Re1 Re4 41. Kg2 d4 42. Nxd4 Rxd4 43. Rxe2 Rd7 44. Rf2 g5 45. Re2 Kh5 46.
Re5 Kh4 47. Re8 g6 48. Kf2 Rd4 49. Kg1 g4 50. Re2 g3 51. hxg3+ Kxg3 52. Rf2
Rd1+ 53. Rf1 Rxf1+ 54. Kxf1 Kf3 55. a3 Ke3 56. Kg2 Kd3 57. Kg3 Kc2 58. b4 b5
59. Kg4 Kb3 0-1

[Event "Michigan Senior U1600"]
[Site "Warren, MI"]
[Date "2002.06.09"]
[Round "4.1"]
[White "Hazzard, Bill"]
[Black "Foord, Allan"]
[Result "0-1"]
[WhiteElo "1511"]
[BlackElo "1500"]
[PlyCount "108"]
[EventDate "2002.06.08"]

1. e4 c5 2. Nf3 d6 3. d4 cxd4 4. Nxd4 Nf6 5. Nc3 a6 6. Bd3 Bd7 7. h3 e6 8. Bg5
Be7 9. Qe2 Nc6 10. Nxc6 Bxc6 11. Bd2 Qc7 12. O-O O-O 13. Bf4 e5 14. Bg3 b5 15.
Nd1 Nd7 16. Ne3 Nc5 17. Nd5 Bxd5 18. exd5 Nxd3 19. Qxd3 Rac8 20. Rac1 Qc4 21.
Rfd1 Qxa2 22. b3 Qb2 23. c4 bxc4 24. bxc4 Rc5 25. Rc2 Qb4 26. Bxe5 dxe5 27. d6
Bg5 28. d7 Rd8 29. Qe4 Bf6 30. Kh2 Rc7 31. f4 Qc5 32. Rd5 Qe7 33. fxe5 Rcxd7
34. Re2 Bg5 35. e6 fxe6 36. Qxe6+ Qxe6 37. Rxe6 Rxd5 38. cxd5 Rxd5 39. Rxa6
Bf4+ 40. Kg1 Bg3 41. Kf1 Rf5+ 42. Ke2 Rf2+ 43. Ke3 Rxg2 44. Kf3 Rg1 45. Ra7 Bh4
46. Ke4 Rg3 47. Kf4 Rxh3 48. Kg4 Rh1 49. Rc7 Bf6 50. Kf5 Rf1+ 51. Ke6 h5 52.
Rc8+ Kh7 53. Rc7 h4 54. Rc5 Kg6 0-1

[Event "Michigan Senior"]
[Site "Warren, MI"]
[Date "2002.06.10"]
[Round "4.3"]
[White "Roth, Bruce"]
[Black "Schey, Danny"]
[Result "1-0"]
[WhiteElo "1646"]
[BlackElo "1649"]
[PlyCount "69"]
[EventDate "2002.06.08"]

1. e4 e5 2. Nf3 Nc6 3. d4 exd4 4. Nxd4 Bc5 5. Be3 Qf6 6. c3 Nge7 7. Qd2 d6 8.
Bb5 O-O 9. Nxc6 Bxe3 10. Nxe7+ Qxe7 11. Qxe3 c6 12. Bc4 d5 13. exd5 Qh4 14. Bd3
Bg4 15. O-O Rfe8 16. Qd4 Qh5 17. Nd2 Red8 18. Be4 Rd6 19. Bf3 Rh6 20. Qf4 f5
21. Bxg4 fxg4 22. Rae1 Rf8 23. Qg3 Qxd5 24. Re5 Qf7 25. Rg5 Re8 26. Rxg4 Re7
27. Nf3 Rhe6 28. Nd4 h6 29. Nxe6 Rxe6 30. h3 Re2 31. Rf4 Qe7 32. Rf3 Rxb2 33.
Re3 Qf7 34. Qf3 Qd7 35. Rd1 {Remainder illegible, 36?} 1-0

[Event "Flint June Tuesday Night Swiss"]
[Site "Flint, MI"]
[Date "2002.06.11"]
[Round "2.1"]
[White "Davidovich, Manis"]
[Black "Vandivier, Don"]
[Result "0-1"]
[WhiteElo "2033"]
[BlackElo "1917"]
[Annotator "Don Vandivier"]
[PlyCount "100"]
[EventDate "2002.06.04"]

1. e4 c5 2. Nf3 d6 3. d4 cxd4 4. Nxd4 Nf6 5. Nc3 a6 6. Bg5 e6 7. f4 Be7 8. Qf3
Qc7 9. O-O-O Nc6 10. h4 Nxd4 11. Rxd4 h6 12. Bxf6 Bxf6 13. Rd3 b5 $1 14. e5 Bb7
15. Ne4 $5 (15. exd6 Bxf3 16. dxc7 Bb7 {and Black will regain the pawn, have
the bishop pair, and superior endgame.}) 15... dxe5 16. Nd6+ Qxd6 17. Qxb7 Rb8
18. Rxd6 Rxb7 19. fxe5 Bxe5 20. Rxa6 Ke7 21. Kb1 Rd8 22. Bd3 Rd4 23. h5 b4 {
Black offers a draw.} 24. b3 Rf4 25. a3 bxa3 26. Rxa3 Bf6 27. Be2 Rf2 28. Bf3
Rc7 29. Ra2 Bc3 30. Ra6 Be5 31. Bc6 Bc3 32. Be4 Re2 33. Bf3 Rd2 34. Rd1 Rxd1+
35. Bxd1 e5 36. Bf3 f5 37. Bd5 Rc5 {What I like about this position is that
Black has all the chances.} 38. Ra7+ Kf6 39. Rf7+ $4 Kg5 40. Rxg7+ Kf4 $1 {Now
Black threatens Ra5 and mate as well as the hanging bishop. The position is
resignable.} 41. b4 Rxd5 42. Rg6 Bxb4 43. Rxh6 e4 44. Rb6 Bc3 45. Rc6 Be5 46.
Rc4 Rd4 47. g3+ Kxg3 48. Rc3+ Kf2 49. Rh3 e3 50. h6 e2 0-1

[Event "Flint June Tuesday Night Swiss"]
[Site "Flint, MI"]
[Date "2002.06.11"]
[Round "2.3"]
[White "Aldrich, Jeff"]
[Black "Gurski, Christina"]
[Result "1-0"]
[WhiteElo "1900"]
[BlackElo "1262"]
[PlyCount "103"]
[EventDate "2002.06.04"]

1. d4 Nf6 2. c4 e6 3. Nc3 Bb4 4. Qc2 b6 5. Nf3 Bb7 6. Bg5 c5 7. dxc5 bxc5 8. e3
O-O 9. Bd3 h6 10. Bh4 d6 11. O-O-O g5 12. Bg3 Nc6 13. Bxd6 Nd4 14. Nxd4 Qxd6
15. Ndb5 Qe5 16. Rhg1 Bc6 17. Ne2 Be4 18. f4 Bxd3 19. Qxd3 Qe4 20. Ng3 Qxd3 21.
Rxd3 a6 22. Nc3 a5 23. Na4 Rfd8 24. Rxd8+ Rxd8 25. Rd1 Rxd1+ 26. Kxd1 Nd7 27.
a3 f5 28. axb4 axb4 29. Kc2 Kf7 30. Kd3 Kf6 31. Ne2 e5 32. fxg5+ hxg5 33. e4 f4
34. Nc1 Ke6 35. Nb3 Kd6 36. h3 Kc6 37. Ke2 Nb6 38. Nxb6 Kxb6 39. Kf3 Kc6 40.
Kg4 Kd6 41. Kxg5 Ke6 42. Kg6 Kd6 43. h4 Ke6 44. h5 Ke7 45. Kg7 Ke6 46. h6 Kd6
47. h7 Kc6 48. h8=Q Kd6 49. Kf6 Kc6 50. Qc8+ Kd6 51. Na5 b3 52. Nb7# 1-0

[Event "Flint June Tuesday Night Swiss"]
[Site "Flint, MI"]
[Date "2002.06.18"]
[Round "3.1"]
[White "Vandivier, Don"]
[Black "Smith, Michael R"]
[Result "1-0"]
[WhiteElo "1917"]
[BlackElo "1914"]
[Annotator "Don Vandivier"]
[PlyCount "137"]
[EventDate "2002.06.04"]

1. e4 e6 2. d4 d5 3. Nc3 Bb4 4. Bd2 dxe4 5. Qg4 Nf6 6. Qxg7 Rg8 7. Qh6 Qxd4 8.
Nge2 (8. O-O-O {is an alternative line for White. After much experience in
this position I prefer the text move.}) 8... Qd8 9. O-O-O Rg6 10. Qh4 Be7 11.
Bg5 Nd5 12. Bxe7 Qxe7 13. Qxe4 ({Also good for White is} 13. Qxh7 Qg5+ 14. Kb1
Nf6 15. Qh3 Nc6 16. Ng3 e5 17. Qh8+ Rg8 18. Ngxe4 Nxe4 19. Nxe4 {but I prefer
my lead in development with the text move.}) 13... Nf6 14. Qf3 Nc6 15. Nf4 Rg7
{The rook is placed on a bad square and is "loose". This allows a successful
attack in only a few moves.} 16. Bb5 Bd7 {Black is about to get away by
castling Q-side.} 17. Rxd7 $1 Nxd7 (17... Qxd7 18. Rd1) 18. Bxc6 bxc6 19. Qxc6
O-O-O (19... Rd8 {May have offered more resistance.}) 20. Nb5 $1 Nb6 21. Nxa7+
Kb8 22. Qc3 {Stronger than} (22. Qxb6+ $6 cxb6 23. Nc6+ Kb7 24. Nxe7 Re8 {and
the knight is lost. White now threatens the rook on g7 plus the triple-fork on
c6.}) 22... Kxa7 23. Qxg7 Qb4 24. Nd3 Qc4 25. Rd1 $6 {I did not want to weaken
the king position with 25.b3, but 25.K-b1 would have been good.} Qxa2 26. b3 {
Now I realize that} (26. Qxf7 $2 Rd7 {could be troublesome for me because of
the treat of ...Nc4 and Mate.}) 26... Rd7 27. Qb2 Qxb2+ 28. Kxb2 Rd5 29. c4 Rf5
30. Kc3 Kb7 31. Re1 Nd7 32. f4 Ra5 33. Rd1 Rf5 34. b4 e5 $2 35. g4 Rf6 36. fxe5
Rf3 37. Kd4 Rh3 38. Rd2 $6 ({I rejected} 38. Rf1 $1 Kc8 {because I saw the
rook x knight combination. However,} 39. Rf4 $1 (39. Rxf7 $4 Rxd3+ $3) 39...
Kd8 40. Nf2 $1 Rxh2 41. Rxf7 Ke8 42. e6 {is winning easily.}) 38... Rh4 39. Rg2
h5 40. Nf2 hxg4 41. Nxg4 f5 42. exf6 Nxf6 43. h3 Nh5 44. b5 Rxh3 45. Ne3 Nf4
46. Rg4 Ne6+ 47. Ke4 Nc5+ 48. Kd5 Rxe3 49. Kxc5 Re6 {This position should be a
draw, but White seems to force a win out of it.} 50. Rd4 Kc8 51. Kd5 Rh6 52.
Re4 Kd7 53. c5 Rg6 54. Re5 Rh6 55. Rg5 Rf6 56. c6+ Kd8 57. Rg8+ Ke7 58. Rg7+ $6
{I am embarrassed that I missed 58.b6!! winning outright.} Kd8 59. Rg8+ Ke7 60.
Rc8 Rf5+ 61. Kc4 Rf4+ (61... Kd6 62. Rd8+ Ke6 63. Rd7) 62. Kc5 Rf5+ 63. Kb4
Rf4+ 64. Ka5 Kd6 65. Ka6 Kc5 66. Rxc7 Ra4+ 67. Kb7 Kxb5 68. Rg7 Rc4 69. Rg5+ {
and Black's flag fell. Of course it's completely lost for Black anyways.} 1-0

[Event "Flint June Tuesday Night Swiss"]
[Site "Flint, MI"]
[Date "2002.06.18"]
[Round "3.2"]
[White "Fields, Cyrano"]
[Black "Aldrich, Jeff"]
[Result "1-0"]
[WhiteElo "1730"]
[BlackElo "1900"]
[PlyCount "76"]
[EventDate "2002.06.04"]

1. d4 d5 2. f4 Bf5 3. Nf3 e6 4. c3 Bd6 5. e3 c6 6. Bd3 Qe7 7. Bxf5 exf5 8. O-O
Nd7 9. a3 h6 10. b4 Ngf6 11. Ne5 Ne4 12. Rf3 Ndf6 13. c4 Qe6 14. c5 Bxe5 15.
dxe5 Ng8 16. Bb2 Ne7 17. Nd2 O-O-O 18. Nb3 g5 19. Nd4 Qg6 20. Qc2 Rhg8 21. b5
gxf4 22. exf4 Qg4 23. h3 Qg6 24. a4 Rd7 25. Ba3 Qh5 26. Qd3 Kd8 27. e6 fxe6 28.
Nxe6+ Ke8 29. Ra2 Qh4 30. b6 a6 31. Bb4 Ng6 32. Nc7+ Kd8 33. Re2 Nxf4 34. Rxf4
Qf6 35. Qb3 Rdg7 36. Nxd5 Qd4+ 37. Ne3 Rg3 38. Rxe4 Qxe4 1-0

[Event "Bottom-Half Class Top Section"]
[Site "Romulus, MI"]
[Date "2002.06.21"]
[Round "1.3"]
[White "Williams, Ron"]
[Black "Gabbara, Faris"]
[Result "1-0"]
[WhiteElo "1952"]
[BlackElo "2053"]
[PlyCount "68"]
[EventDate "2002.06.21"]

1. c4 Nf6 2. Nc3 g6 3. g3 Bg7 4. Bg2 c6 5. e4 d6 6. Nge2 O-O 7. O-O Bg4 8. h3
Bxe2 9. Qxe2 Qb6 10. Rd1 Nh5 11. Kh2 Bd4 12. Rf1 Nd7 13. d3 e6 14. Bf3 Ng7 15.
Bf4 e5 16. Bg5 f6 17. Bh6 Rf7 18. Rab1 Re8 19. Bg4 Nf8 20. f4 f5 21. Bxg7 fxg4
22. Bh6 gxh3 23. f5 Qd8 24. Qg4 Qf6 25. Rf3 g5 26. Bxg5 Qg7 27. Qh5 Nd7 28. Bh6
Nf6 29. Bxg7 Nxh5 30. Bh6 Bxc3 31. bxc3 Nf6 32. Kxh3 d5 33. Re1 dxe4 34. dxe4
Rd7 1-0

[Event "Bottom-Half Class U1500"]
[Site "Romulus, MI"]
[Date "2002.06.21"]
[Round "1.15"]
[White "West, Aaron"]
[Black "Wood, Jack"]
[Result "0-1"]
[WhiteElo "1352"]
[BlackElo "1412"]
[PlyCount "100"]
[EventDate "2002.06.21"]

1. c4 Nf6 2. Nc3 c5 3. g3 g6 4. Bg2 Nc6 5. Nf3 Bg7 6. O-O O-O 7. d3 d6 8. Re1
e5 9. Bg5 Be6 10. Qc1 Qd7 11. Nd2 Bh3 12. Nde4 Nxe4 13. Nxe4 f6 14. Bh6 Bxg2
15. Kxg2 Rad8 16. Nc3 Nd4 17. Bxg7 Kxg7 18. Nd5 Nf5 19. Kg1 Nd4 20. Kg2 h5 21.
h4 f5 22. e3 Ne6 23. Qd2 f4 24. exf4 exf4 25. Qc3+ Kh6 26. Rxe6 f3+ 27. Kh2
Qxe6 28. Re1 Qf5 29. Re7 Rf7 30. Ne3 Qf6 31. Qxf6 Rxf6 32. Rxb7 Re8 33. Kg1 Ra8
34. Re7 g5 35. Nd5 Rg6 36. Rf7 gxh4 37. Ne7 Rg5 38. Rxf3 hxg3 39. fxg3 Re8 40.
Nf5+ Kh7 41. Kf2 Re6 42. Nh4 Rge5 43. Rf7+ Kg8 44. Rxa7 Rf6+ 45. Kg2 Re2+ 46.
Kh3 Rf1 47. g4 Re5 48. Kg2 Rf4 49. a4 Rxg4+ 50. Kf2 Kh8 0-1

[Event "Bottom-Half Class Top Section"]
[Site "Romulus, MI"]
[Date "2002.06.21"]
[Round "1.2"]
[White "Szpisjak, Steve"]
[Black "Randall, Paul"]
[Result "1-0"]
[WhiteElo "2230"]
[BlackElo "1978"]
[PlyCount "83"]
[EventDate "2002.06.21"]

1. c4 e5 2. Nc3 Nc6 3. g3 g6 4. Bg2 Bg7 5. d3 Nge7 6. e4 O-O 7. Nge2 d6 8. O-O
Be6 9. Nd5 f5 10. Be3 Qd7 11. Qd2 Nd8 12. Rac1 c6 13. Nxe7+ Qxe7 14. exf5 gxf5
15. d4 Nf7 16. Rfd1 Qf6 17. Qb4 Rab8 18. d5 c5 19. Qa4 b5 20. cxb5 Bd7 21. Nc3
e4 22. Qxa7 Ne5 23. Qa4 Bh6 24. Bxh6 Qxh6 25. Qc2 Bxb5 26. Nxb5 Rxb5 27. Qe2
Rfb8 28. b3 Rb4 29. Qe3 Qh5 30. h3 c4 31. bxc4 Rxc4 32. Bf1 Rcb4 33. Kg2 Rb2
34. Ra1 Rc2 35. Rdc1 Rbb2 36. Rxc2 Rxc2 37. a4 Nf3 38. a5 Qf7 39. a6 Qxd5 40.
a7 Ra2 41. Rxa2 Qxa2 42. Bc4+ 1-0

[Event "Bottom-Half Class Top Section"]
[Site "Romulus, MI"]
[Date "2002.06.21"]
[Round "1.1"]
[White "Sudharsan, Krishnan"]
[Black "Finegold, Ben"]
[Result "0-1"]
[WhiteElo "2010"]
[BlackElo "2639"]
[Annotator "Tim McGrew"]
[PlyCount "48"]
[EventDate "2002.06.21"]

{Queen's Pawn: Zukertort (Chigorin)} 1. d4 Nc6 2. Nf3 d5 3. Bf4 {The London
tem -- an unambitious opening setup where White aims for a small spatial edge
but runs few losing chances.} Bg4 {Finegold's response is sharp. Over the next
few moves, watch how Black challenges White's control of the e5 square.} 4. e3
e6 5. h3 Bh5 6. c3 Bd6 7. Nbd2 Nge7 (7... e5 $2 {is not yet possible because of
} 8. dxe5 Nxe5 9. Bxe5 Bxe5 10. Qa4+ c6 11. Nxe5 $18) 8. Be2 h6 9. Ne5 {
Superficially this looks good, but it actually squanders White's hope for an
opening advantage. Black gets to exchange several pairs of minor pieces, and
this must favor him since he had somewhat the more cramped position.} Bxe2 10.
Qxe2 Bxe5 11. Bxe5 Nxe5 12. dxe5 O-O {It is very instructive to compare this
position with the position at move eight. The exchanges have freed Black's
game completely.} 13. O-O Qd7 14. Rad1 {Leaving some undefended pawns on the
queen-side. Finegold takes over the initiative by tormenting them.} Qa4 15. a3
Qc2 16. Rb1 Nc6 17. Rfc1 Qg6 18. f4 f6 19. exf6 Rxf6 20. c4 d4 {With White's
rooks huddled miserably on closed queen-side files, it's time to open some
central lines.} 21. b4 Rd8 22. b5 dxe3 23. Qxe3 Rd3 24. Qe4 {A tactical slip
in a miserable position.} Rxd2 0-1

[Event "Bottom-Half Class U1700"]
[Site "Romulus, MI"]
[Date "2002.06.21"]
[Round "1.10"]
[White "Steen, Harold"]
[Black "Katsuhara, Osamu"]
[Result "0-1"]
[WhiteElo "1642"]
[BlackElo "1549"]
[PlyCount "108"]
[EventDate "2002.06.21"]

1. d4 Nf6 2. Nf3 g6 3. e3 Bg7 4. Bd3 d5 5. Nbd2 O-O 6. O-O Nbd7 7. c3 c5 8. Qe2
Qc7 9. e4 e5 10. dxe5 Nxe5 11. Nxe5 Qxe5 12. f4 Qc7 13. e5 Ne8 14. Nf3 Qe7 15.
Bd2 Nc7 16. Rae1 Rb8 17. h3 f5 18. Be3 Bd7 19. Bf2 Ne6 20. Bh4 Qe8 21. Ng5 b5
22. g4 Nxg5 23. Bxg5 Be6 24. gxf5 gxf5 25. Rf2 h6 26. Bh4 b4 27. Rg2 Kh7 28. c4
d4 29. b3 a5 30. Rg3 Rb7 31. Qg2 Ra7 32. Qe2 a4 33. Rg2 axb3 34. axb3 Ra3 35.
Rb1 Qf7 36. Be1 Rfa8 37. h4 Bf8 38. h5 Be7 39. Rg6 R3a7 40. Qf3 Rg8 41. Qg3
Rxg6 42. hxg6+ Qxg6 43. Qxg6+ Kxg6 44. Bf1 Kh5 45. Bh3 Bh4 46. Kh1 Bxe1 47.
Rxe1 Kh4 48. Bxf5 Bxf5 49. e6 Ra8 50. e7 Re8 51. Re5 Kg4 52. Rxc5 Rxe7 53. Rd5
Kg3 54. Re5 Rxe5 0-1

[Event "Bottom-Half Class U1700"]
[Site "Romulus, MI"]
[Date "2002.06.21"]
[Round "1.12"]
[White "Ryan, Mark"]
[Black "Hooks, Jerry"]
[Result "1-0"]
[WhiteElo "1669"]
[BlackElo "1534"]
[PlyCount "107"]
[EventDate "2002.06.21"]

1. c4 Nf6 2. g3 e6 3. Bg2 Nc6 4. Nf3 b6 5. O-O Bb7 6. d4 Rb8 7. Nc3 Be7 8. d5
exd5 9. cxd5 Nb4 10. Ne5 a5 11. a3 Na6 12. e4 O-O 13. Re1 d6 14. Nc6 Bxc6 15.
dxc6 Ra8 16. Rb1 Qc8 17. Bf3 Ra7 18. Bg5 Nb8 19. Bxf6 Bxf6 20. Bg4 Qd8 21. Nb5
Ra8 22. Qd5 Re8 23. f4 Na6 24. b4 axb4 25. axb4 g6 26. Bd7 Re7 27. e5 dxe5 28.
fxe5 Bg7 29. Re4 Nb8 30. Rd1 Nxd7 31. cxd7 Re6 32. Qxa8 Qxa8 33. d8=Q+ Qxd8 34.
Rxd8+ Bf8 35. Nxc7 Rc6 36. Nd5 Kg7 37. Rb8 Rc1+ 38. Kf2 Rc2+ 39. Re2 Rc6 40.
Ke3 h5 41. Kd4 g5 42. Rxb6 Rxb6 43. Nxb6 Bxb4 44. Nd5 Ba5 45. e6 fxe6 46. Rxe6
h4 47. gxh4 gxh4 48. h3 Kf7 49. Ra6 Be1 50. Ke4 Bf2 51. Kf5 Kg7 52. Nf4 Kf7 53.
Kg4 Be3 54. Ng2 1-0

[Event "Bottom-Half Class U1700"]
[Site "Romulus, MI"]
[Date "2002.06.21"]
[Round "1.14"]
[White "Moore, Robert"]
[Black "Griffin, John"]
[Result "1/2-1/2"]
[WhiteElo "1600"]
[BlackElo "1500"]
[PlyCount "133"]
[EventDate "2002.06.21"]

1. e4 c5 2. Nf3 Nc6 3. d4 cxd4 4. Nxd4 e5 5. Nxc6 bxc6 6. Bc4 Nf6 7. Bg5 Qa5+
8. Bd2 Qb6 9. Nc3 Qxb2 10. Rb1 Qa3 11. O-O Qd6 12. Qe2 Be7 13. Rfd1 Qc7 14. Bb3
Bb7 15. Be3 O-O 16. h3 a5 17. Bb6 Qc8 18. Na4 c5 19. f3 Ba6 20. Bc4 Bxc4 21.
Qxc4 Qa6 22. Qxa6 Rxa6 23. Bxc5 Bxc5+ 24. Nxc5 Ra7 25. Rb2 Rd8 26. a4 d6 27.
Rxd6 Rc8 28. Nd3 Ne8 29. Rd5 f6 30. Nc5 Kf7 31. Kf2 Ke7 32. Ke2 Rc6 33. Kd3 Nd6
34. Nb3 Nc4 35. Ra2 Rc8 36. Rc5 Rxc5 37. Nxc5 Nd6 38. Rb2 Rc7 39. Nb3 Nc4 40.
Ra2 g6 41. c3 f5 42. g3 Kf6 43. g4 fxe4+ 44. fxe4 Ke6 45. g5 Ke7 46. Rf2 Nb6
47. Nxa5 Nxa4 48. Nc4 Nc5+ 49. Ke3 Nxe4 50. Kxe4 Rxc4+ 51. Kd3 Rc6 52. c4 Ra6
53. Ke4 Rc6 54. Rc2 Ke6 55. c5 Rc7 56. c6 Kd6 57. h4 Ke6 58. Rc5 Kd6 59. Rc3
Ke6 60. Rf3 Kd6 61. Rf6+ Kc5 62. Kxe5 Re7+ 63. Re6 Rf7 64. Ke4 Rc7 65. Ke5 Rf7
66. Rf6 Re7+ 67. Re6 1/2-1/2

[Event "Bottom-Half Class U1900"]
[Site "Romulus, MI"]
[Date "2002.06.21"]
[Round "1.8"]
[White "Manion, Tom"]
[Black "Gadson, Joseph"]
[Result "0-1"]
[WhiteElo "1829"]
[BlackElo "1730"]
[PlyCount "98"]
[EventDate "2002.06.21"]

1. e4 e5 2. Nf3 Nc6 3. Bb5 Nf6 4. O-O Nxe4 5. d4 d5 6. Nxe5 Bd7 7. Bxc6 Bxc6 8.
Qh5 Qf6 9. Nd2 g6 10. Nxe4 dxe4 11. Bg5 Qxe5 12. Qh4 Qe6 13. c4 Bd7 14. Rfe1 f5
15. d5 Qf7 16. Bf6 Be7 17. Bxe7 Qxe7 18. Qxe7+ Kxe7 19. f3 Kd6 20. fxe4 Rae8
21. e5+ Ke7 22. e6 Bc8 23. b4 b6 24. Rad1 Rd8 25. b5 Bb7 26. Kf2 a6 27. a4 axb5
28. axb5 Ra8 29. Ra1 Rxa1 30. Rxa1 Ra8 31. Rxa8 Bxa8 32. Ke3 Bb7 33. Kf4 Kf6
34. h4 h6 35. g4 g5+ 36. hxg5+ hxg5+ 37. Kf3 f4 38. Ke4 Bc8 39. Kd4 f3 40. Ke3
Ke5 41. Kxf3 Kd4 42. e7 Bd7 43. c5 Kxc5 44. Ke4 Kd6 45. e8=Q Bxe8 46. Kf5 Kxd5
47. Kxg5 Bxb5 48. Kf6 Bd3 49. g5 c5 0-1

[Event "Bottom-Half Class U1700"]
[Site "Romulus, MI"]
[Date "2002.06.21"]
[Round "1.13"]
[White "Holden, Anthony"]
[Black "Bolda, Dan G"]
[Result "1-0"]
[WhiteElo "1505"]
[BlackElo "1600"]
[PlyCount "81"]
[EventDate "2002.06.21"]

1. d4 Nf6 2. e3 d5 3. Bd3 c5 4. c3 Nc6 5. dxc5 e5 6. b4 e4 7. Be2 Be7 8. Nd2
O-O 9. Bb2 Qc7 10. a3 Ne5 11. h3 Bf5 12. Nb3 Rad8 13. g4 Bd7 14. Nd4 Ne8 15. h4
Qc8 16. g5 f6 17. f4 exf3 18. Bxf3 Nxf3+ 19. Ngxf3 Bg4 20. Qd2 fxg5 21. Nxg5 h6
22. Qh2 hxg5 23. hxg5 Bxg5 24. Qh7+ Kf7 25. Kd2 Bf6 26. Raf1 Ke7 27. Rh6 Rd7
28. Rhxf6 Rxf6 29. Rxf6 Kxf6 30. Qh4+ Kf7 31. Qxg4 Qc7 32. Qh5+ Ke7 33. Qg5+
Kf7 34. Nf3 Nf6 35. Qf5 Kg8 36. Qe6+ Kf8 37. Ne5 Rf7 38. c4 Ne4+ 39. Kd3 Nf2+
40. Kd2 Rf6 41. Nd7+ 1-0

[Event "Bottom-Half Class U1900"]
[Site "Romulus, MI"]
[Date "2002.06.21"]
[Round "1.6"]
[White "Ho, Randy"]
[Black "Turner, Darrell"]
[Result "1/2-1/2"]
[WhiteElo "1860"]
[BlackElo "1781"]
[PlyCount "70"]
[EventDate "2002.06.21"]

1. e4 c6 2. d4 d5 3. e5 Bf5 4. Nf3 e6 5. Be2 Nd7 6. O-O Ne7 7. c4 Bg4 8. Nc3
Bxf3 9. Bxf3 dxc4 10. Qe2 Nb6 11. Bg5 Qd7 12. Ne4 Ned5 13. Rfd1 h6 14. Bh4 Nf4
15. Qd2 Nbd5 16. a3 Rc8 17. Bg3 Ng6 18. Bh5 Be7 19. Bxg6 fxg6 20. Qc2 b5 21.
Nd6+ Bxd6 22. exd6 Qf7 23. a4 Ra8 24. b3 Qf5 25. Qxf5 gxf5 26. axb5 cxb5 27.
bxc4 bxc4 28. Be5 Rg8 29. Rdb1 c3 30. Rb7 a5 31. Kf1 Kd8 32. Ke2 Kc8 33. Rf7 a4
34. Kd3 a3 35. Kc2 g5 1/2-1/2

[Event "Bottom-Half Class U1500"]
[Site "Romulus, MI"]
[Date "2002.06.21"]
[Round "1.17"]
[White "Fick II, Douglas"]
[Black "Durham, Jeremy"]
[Result "1-0"]
[WhiteElo "1308"]
[BlackElo "1380"]
[Annotator "Jeff Aldrich"]
[PlyCount "65"]
[EventDate "2002.06.21"]

{French: Tarrasch} 1. e4 e6 2. d4 d5 3. Nd2 Nc6 4. c3 dxe4 ({This move
relieves the pressure in the center. Book lines include:} 4... e5 {and}) (4...
Nf6) 5. Nxe4 Nf6 6. Bg5 Be7 7. Nxf6+ Bxf6 8. Bxf6 Qxf6 9. Nf3 Bd7 10. Qb3 Rb8
11. Bb5 a6 12. Bd3 O-O 13. O-O Ne7 14. Ne5 Be8 $2 {Breaking communi cation of
the rooks. Black needed to give up the bishop for the knight to keep from
losing a pawn.} 15. Bxa6 Nc6 16. Nxc6 Bxc6 17. Bb5 Be4 18. Rae1 Qg6 19. f3 Bc2
20. Qb4 c6 21. Be2 Qg5 22. Qd6 Bg6 23. f4 Qa5 ({A move like} 23... Qd5 {would
make a claim for the center and improve drawing chances. Instead, Black's
passive play allows White to build up his position.}) 24. Bc4 Rbc8 25. Re5 b5
$6 {Creating more weaknesses.} 26. Rfe1 Rfe8 27. g4 Qa7 28. Bb3 Red8 29. Qc5
Qxc5 30. Rxc5 Rd6 31. d5 f6 $2 {Speeding things along.} 32. dxe6 Kf8 33. f5 1-0

[Event "Bottom-Half Class Top Section"]
[Site "Romulus, MI"]
[Date "2002.06.21"]
[Round "1.4"]
[White "Davidovich, Manis"]
[Black "Vandivier, Don"]
[Result "1-0"]
[WhiteElo "2033"]
[BlackElo "1917"]
[Annotator "Don Vandivier"]
[PlyCount "53"]
[EventDate "2002.06.21"]

1. e4 c5 2. Nf3 Nc6 3. d4 cxd4 4. Nxd4 g6 5. Nc3 Bg7 6. Be3 Nf6 7. Bc4 O-O 8.
Bb3 d6 9. f3 Bd7 10. Qd2 Qa5 11. O-O-O Rfc8 12. Kb1 Ne5 13. Bg5 Kf8 (13... Nc4
14. Bxc4 Rxc4 15. Nb3 Qe5 16. Rhe1 Rxc3 17. bxc3 Be6 18. f4 Qb5 19. Bxf6 Bxf6
20. e5 dxe5 21. fxe5 Bg7 (21... Bxe5 $2 22. a4 Qxa4 23. Rxe5 Bxb3 24. cxb3
Qxb3+ 25. Kc1 Rc8 26. Re3)) 14. f4 Nc4 15. Bxc4 Rxc4 16. Nb3 Qxc3 $5 {I saw
the queen sac line on a video about the dragon - an alternative line is} (16...
Qa6 $5 17. Bxf6 (17. e5 Ne8 18. Nd5 f6 19. exf6 exf6 20. Bh4 Rxc2 $3 21. Qxc2 (
21. Kxc2 Bf5+ 22. Kc3 Rc8+ 23. Kd4 Qc4+ 24. Ke3 Qe4+ 25. Kf2 Rc2 26. Qxc2 Qxc2+
27. Rd2 Qc4 28. Rc1 Qa4) 21... Bf5) 17... Bxf6 18. e5 Bg7 19. exd6 exd6 20.
Qxd6+ Qxd6 21. Rxd6 Bf5 22. Rd2 Bxc3 23. bxc3 Rxf4 {best} 24. Nd4 Rc8 25. Kb2
Be6 26. Nxe6+ fxe6 27. Rd7 Rf7 28. Rhd1 Rc7) 17. bxc3 Nxe4 18. Qe3 (18. Bxe7+
$2 Kg8 $1 19. Qe3 Nxc3+ 20. Kc1 Re4 $1) 18... Nxc3+ (18... Rac8 $2 19. Rd3) 19.
Kc1 Nxa2+ $2 (19... Re4 $1 {I missed this winning continuation} 20. Qf3 Nxa2+
21. Kd2 Bc3+ 22. Qxc3 (22. Kd3 $2 d5 $1 23. Nd4 Rc8 $1 24. Rb1 Rxd4+ 25. Ke2
Bb4 26. Rhd1 Nc3+ 27. Kf1 Nxd1 28. Rxd1 Bb5+ 29. Kg1 Rc3 30. Rxd4 (30. Bh6+ Kg8
31. Qg4 Bd7 32. Qxd7 Rxd1+ 33. Kf2 Rxc2+ 34. Kg3 Rd3+ 35. Kh4 Be1+ 36. g3 Rxh2+
37. Kg5 f6+ 38. Kg4 Rxg3#) 30... Rxf3 31. gxf3 Bc5) 22... Re2+ $3 (22... Nxc3
$6 23. Kxc3 Rc8+ 24. Kb2) 23. Kxe2 Nxc3+ 24. Kd3 Nxd1 25. Rxd1 a5 {Black is
better!}) 20. Kd2 Bc3+ 21. Ke2 Bg4+ 22. Kf2 Bxd1 23. Qxe7+ Kg7 24. Rxd1 h6 $2
25. Bxh6+ $3 Kxh6 26. Qxf7 Rc6 27. Rd3 1-0